تحميل...

Romanticism A202 33-34 /

التفاصيل البيبلوغرافية
المؤلف الرئيسي: Edwards, Owain
التنسيق: Printed Book
اللغة:English
منشور في: Open University Press, 1974.
LEADER 00379nam a2200121Ia 4500
008 150624b xxu||||| |||| 00| 0 eng d
100 |a Edwards, Owain 
245 |a Romanticism A202 33-34 /  |c Owain Edwards 
260 |b Open University Press,  |c 1974. 
300 |a 85 p. 
942 |c BK 
999 |c 23705  |d 23705 
952 |0 0  |1 0  |4 0  |7 0  |9 23704  |a UL  |b UL  |c ST2  |d 1998-09-01  |l 0  |p 34810  |r 2012-10-27  |w 2012-10-27  |y BK